Využitie ROS na riadenie robota

Saved in:
Bibliographic Details
Main Author: Hrmo, Martin, 1990- (Author)
Other Authors: Chovanec, Ľuboš, 1985- (Thesis advisor)
Format: Manuscript Book
Language:Slovak
Published: Bratislava : STU v Bratislave FEI, 2013
Subjects:
Online Access:VAIS
Tags: Add Tag
No Tags, Be the first to tag this record!

MARC

LEADER 00000ntm a22000003a 4500
001 stu273275
005 20150617230234.3
008 130820s2013----xo------------------slo-d
040 |a STU  |b slo 
041 0 |a slo 
044 |a xo 
100 1 |a Hrmo, Martin,  |d 1990-  |4 aut  |u E  |T FEI Fakulta elektrotechniky a informatiky  |X 6161  |U E  |Y 30  |7 A000006161 
242 0 0 |a The use of ROS for robot control  |y eng 
245 1 |a Využitie ROS na riadenie robota 
260 |a Bratislava :  |b STU v Bratislave FEI,  |c 2013 
300 |a 46 s  |c DVD 
650 7 |a Industrial Informatics  |2 estusub 
650 7 |a robot control  |2 estusub 
650 7 |a ROS  |2 estusub 
650 7 |a sensors  |2 estusub 
650 7 |a senzory  |2 stusub 
700 1 |a Chovanec, Ľuboš,  |d 1985-  |4 ths  |u E010  |T FEI Ústav riadenia a priemyselnej informatiky  |X 16076  |U E010  |Y E010  |7 A000016076 
856 4 |a info a plný text  |u http://is.stuba.sk/zp/portal_zp.pl?podrobnosti=78220  |3 VAIS 
996 |b 284ER01329  |c E*Bc-1329  |l EE23  |s P  |a 0  |w stu273275_0001